[Event "AUTO-INT-1616"]
[Site "http://www.queenalice.com/game.php?id=734014"]
[Date "2010.2.18"]
[Round "1"]
[White "Dcanti"]
[Black "Korchnoico"]
[Result "0-1"]
[WhiteElo "1462"]
[BlackElo "1676"]

1. d4 d5 2. Nc3 e6 3. e3 Nf6 4. Bd3 Bb4 5. Bd2 O-O 6. Nf3 c5 7. dxc5 Bxc5 8. e4
dxe4 9. Bxe4 Qb6 10. Be3 Bxe3 11. fxe3 Qxe3+ 12. Qe2 Qxe2+ 13. Kxe2 Nc6 14. a3
Re8 15. Rhe1 Nxe4 16. Nxe4 Bd7 17. Rad1 Rad8 18. Kf2 Bc8 19. Nc3 Rxd1 20. Rxd1
Rd8 21. Ng5 Rxd1 22. Nxd1 h6 23. Ne4 Bd7 24. Nc5 Bc8 25. Ne3 b6 26. Ne4 Bd7 27.
Nc4 f5 28. Ned6 Nd4 29. Ne5 Bb5 30. Nc8 Nxc2 31. Nxa7 Be8 32. Nf3 Kf7 33. Nb5
Bxb5 0-1

[Event "AUTO-INT-1616"]
[Site "http://www.queenalice.com/game.php?id=734016"]
[Date "2010.2.18"]
[Round "1"]
[White "Dcanti"]
[Black "porkrat"]
[Result "1-0"]
[WhiteElo "1438"]
[BlackElo "1491"]

1. d4 e6 2. Nc3 Nc6 3. e3 d5 4. Bd3 Nf6 5. Nf3 Nb4 6. e4 dxe4 7. Nxe4 Nxe4 8.
Bxe4 f5 9. Bd3 Qd5 10. c3 Nxd3+ 11. Qxd3 b6 12. O-O Bb7 13. c4 Qd7 14. Re1 Bxf3
15. Qxf3 c6 16. Rd1 Qe7 17. Qxc6+ Kf7 18. Qxa8 Qh4 19. Qxa7+ Kf6 20. Qxb6 Kf7
21. Qb7+ Be7 22. g3 Qg4 23. Re1 Rd8 24. d5 Qxc4 25. dxe6+ Kf6 26. b3 Qc2 27. Bf4
Bc5 28. Qf7# 1-0

[Event "AUTO-INT-1616"]
[Site "http://www.queenalice.com/game.php?id=734018"]
[Date "2010.2.18"]
[Round "1"]
[White "Dcanti"]
[Black "a_pawn"]
[Result "0-1"]
[WhiteElo "1477"]
[BlackElo "1502"]

1. d4 Nf6 2. Nc3 g6 3. e4 Bg7 4. Nf3 O-O 5. e5 Nh5 6. Bd3 d5 7. O-O e6 8. Nh4
Qxh4 9. Qf3 Qxd4 10. Be3 Qb4 11. Nd1 Bxe5 12. a3 Qd6 13. Nc3 Bxh2+ 14. Kh1 Be5
15. g3 a6 16. Rg1 f5 17. g4 Nf4 18. Bxf4 Bxf4 19. Ne2 Be5 20. Rad1 fxg4 21. Qxg4
Bg7 22. Bxg6 hxg6 23. Qxg6 Rf7 24. c3 Nc6 25. Nd4 Ne5 26. Qh5 Rxf2 27. Rxg7+
Kxg7 28. Qg5+ Ng6 29. Qh5 Bd7 30. Rg1 Rf6 31. Nf3 Rh8 0-1

[Event "AUTO-INT-1616"]
[Site "http://www.queenalice.com/game.php?id=734019"]
[Date "2010.2.18"]
[Round "1"]
[White "a_pawn"]
[Black "Dcanti"]
[Result "1-0"]
[WhiteElo "1426"]
[BlackElo "1467"]

1. Nf3 f6 2. g3 e5 3. Bg2 Nc6 4. O-O Nh6 5. c3 Nf5 6. e4 Nd6 7. d4 exd4 8. Nxd4
Nxd4 9. cxd4 Nc4 10. b3 Nd6 11. Nc3 c6 12. Re1 Qe7 13. e5 fxe5 14. Rxe5 1-0

[Event "AUTO-INT-1701"]
[Site "http://www.queenalice.com/game.php?id=776417"]
[Date "2010.5.16"]
[Round "1"]
[White "Thanasis"]
[Black "Dcanti"]
[Result "1-0"]
[WhiteElo "1858"]
[BlackElo "1454"]

1. d4 d5 2. c4 e6 3. Nc3 Nf6 4. cxd5 exd5 5. Bg5 Be7 6. Nf3 O-O 7. e3 Ne4 8.
Bxe7 Qxe7 9. Bd3 Nxc3 10. bxc3 Nc6 11. O-O g6 12. Re1 Bd7 13. c4 dxc4 14. Bxc4
Bf5 15. Nh4 Qxh4 16. Qd2 Be6 17. Be2 Bd5 18. Bd3 Rfe8 19. Bb5 Qg5 20. g3 Qg4 21.
Be2 Qh3 22. Bf1 Qg4 23. Rab1 Qe4 24. f3 Qxf3 25. Bg2 Qf5 26. Rxb7 Rab8 27. Rxc7
Ne7 28. e4 Bxe4 29. Bxe4 Qe6 30. Rxa7 Red8 31. Bxg6 Rxd4 32. Bxf7+ Qxf7 33. Qxd4
Nf5 34. Rxf7 Nxd4 35. Ree7 Rf8 36. Rxf8+ Kxf8 37. Rxh7 1-0

[Event "AUTO-INT-1701"]
[Site "http://www.queenalice.com/game.php?id=776418"]
[Date "2010.5.16"]
[Round "1"]
[White "Dcanti"]
[Black "Thanasis"]
[Result "0-1"]
[WhiteElo "1455"]
[BlackElo "1897"]

1. e4 e5 2. d3 Nf6 3. Nc3 Bb4 4. Bd2 Nc6 5. Nb5 Bxd2+ 6. Qxd2 d6 7. O-O-O O-O 8.
Nh3 Bxh3 9. gxh3 Qd7 10. d4 Nxe4 11. Qe3 Nf6 12. Nc3 exd4 0-1

[Event "AUTO-INT-1701"]
[Site "http://www.queenalice.com/game.php?id=776431"]
[Date "2010.5.16"]
[Round "1"]
[White "geniolucio"]
[Black "Dcanti"]
[Result "1-0"]
[WhiteElo "1603"]
[BlackElo "1453"]

1. e4 d5 2. exd5 Qxd5 3. Nc3 Qd8 4. d4 Nf6 5. Bg5 Nc6 6. Nf3 h6 7. Bxf6 exf6 8.
Bb5 Qe7+ 9. Be2 Be6 10. d5 Bxd5 11. Qxd5 Qd6 12. Qxd6 Bxd6 13. O-O O-O-O 14. Bb5
Nb4 15. Ba4 Rhe8 16. Bxe8 Rxe8 17. a3 Nxc2 18. Rac1 Nxa3 19. bxa3 Bxa3 20. Ra1
Bb4 21. Nd5 b6 22. Nxb4 1-0

[Event "AUTO-INT-1701"]
[Site "http://www.queenalice.com/game.php?id=776432"]
[Date "2010.5.16"]
[Round "1"]
[White "Dcanti"]
[Black "geniolucio"]
[Result "0-1"]
[WhiteElo "1470"]
[BlackElo "1702"]

1. d4 d5 2. Nc3 Nf6 3. e3 e6 4. Nf3 Bb4 5. Bd2 O-O 6. Bd3 b6 7. Nb5 Bxd2+ 8.
Qxd2 Ne4 9. Qe2 c6 10. Nc3 Nxc3 11. bxc3 a5 12. Ne5 f6 13. Ng4 c5 14. dxc5 bxc5
15. O-O f5 16. Ne5 c4 17. Bxc4 dxc4 18. Rad1 Qc7 19. Nxc4 Ba6 20. Rd4 Nc6 21.
Rh4 Ne5 22. Qh5 h6 23. Nxe5 Qxe5 24. g3 Bxf1 25. Kxf1 Qb5+ 26. Qe2 Qb1+ 27. Qe1
Qxe1+ 28. Kxe1 g5 29. Rxh6 Rac8 30. Rxe6 Rxc3 31. Rg6+ Kh7 32. Rxg5 Rxc2 33.
Rh5+ Kg6 0-1

[Event "AUTO-INT-1701"]
[Site "http://www.queenalice.com/game.php?id=776441"]
[Date "2010.5.16"]
[Round "1"]
[White "Dcanti"]
[Black "spin"]
[Result "0-1"]
[WhiteElo "1463"]
[BlackElo "1629"]

1. d4 e6 2. Nc3 d5 3. Nf3 c5 4. e3 cxd4 5. exd4 Qa5 6. Bd2 Qb6 7. Ne5 Qxd4 8.
Nf3 Qf6 9. Bd3 Bc5 10. O-O a6 11. Qe2 b5 12. Qe5 Qxe5 13. Nxe5 b4 14. Na4 Bd4
15. Bxb4 a5 16. Bc3 Bxc3 17. Nxc3 Ne7 18. Bb5+ Kf8 19. a4 f6 20. Ng4 d4 21. Ne4
f5 22. Nd6 fxg4 23. Rfe1 Ba6 24. Rxe6 h5 25. Rae1 Rh6 26. Bc4 Nbc6 27. Nb5 Re8
28. Nc7 Bxc4 29. Rxh6 gxh6 30. Ne6+ Bxe6 31. Rxe6 Kg7 0-1

[Event "AUTO-INT-1701"]
[Site "http://www.queenalice.com/game.php?id=776442"]
[Date "2010.5.16"]
[Round "1"]
[White "spin"]
[Black "Dcanti"]
[Result "0-1"]
[WhiteElo "1724"]
[BlackElo "1443"]

1. g3 d5 2. Bg2 e5 3. d4 e4 4. f3 Nf6 5. Bg5 Be7 6. Bxf6 Bxf6 7. fxe4 dxe4 8. e3
O-O 9. Bxe4 Nc6 10. Qh5 h6 11. c3 Qe7 12. Qf3 Bd7 13. d5 Ne5 14. Qe2 Ng4 15. a4
Qxe4 16. Nf3 Nxe3 17. Nbd2 Nc2+ 18. Kd1 Ne3+ 19. Kc1 Qc2# 0-1

[Event "AUTO-INT-2056"]
[Site "http://www.queenalice.com/game.php?id=947383"]
[Date "2011.6.8"]
[Round "1"]
[White "Dcanti"]
[Black "orwieorwatt"]
[Result "0-1"]
[WhiteElo "1410"]
[BlackElo "1645"]

1. d4 d5 2. Nc3 Nf6 3. Nf3 h6 4. e3 Bg4 5. h3 Bh5 6. g4 Bg6 7. Bd3 Bxd3 8. Qxd3
a6 9. Qf5 e6 10. Qe5 Nfd7 0-1

[Event "AUTO-INT-2056"]
[Site "http://www.queenalice.com/game.php?id=947400"]
[Date "2011.6.8"]
[Round "1"]
[White "Dcanti"]
[Black "kanibal"]
[Result "0-1"]
[WhiteElo "1444"]
[BlackElo "1718"]

1. d4 d5 2. Nc3 e6 3. Nf3 Bb4 4. e3 Bxc3+ 5. bxc3 Nf6 6. Bd3 O-O 7. O-O Qd6 8.
g3 Ne4 9. Bxe4 dxe4 10. Ng5 h6 11. Nxe4 Qc6 12. Qf3 Qa4 0-1